000 00629nam a2200205Ia 4500
005 20250508162715.0
008 008 250505s9999 xx 000 0 eng d
037 _aTextual
040 _aFEDL
_beng
_cFEDL
041 _aeng
_2eng
084 _a370.11, NCE
_qFEDL
100 _aChari Ahalya
245 0 _aThinking together
245 0 _cNational Council of Educational Research and Training
260 _aNew Delhi, India
_bNational Council of Educational Research and Training
_c1986
300 _ax,122p.
650 _aEducation - Philosophy
942 _cTEXL
_h370.11, NCE
999 _c1378181
_d1378181